00649nam a2200145Ia 4500008004100000100002200041245011600063245011400179260005900293650001800352650001500370856002600385999001900411952007300430170221s9999 xx 000 0 und d aYüksel, Şule. aCittaslow: Urban Concept in a Different Perspective and Analysing of Turkish Cittaslow Cities’ Documentaries  cŞule Yüksel, Özmen Haluk, Birsen Özgül, Birsen Şerife, Özgün Çıtak, Onur Oğur Karadeniz. bOnline Journal of Communication and Media Technologies xCommunication xMedia Arts uhttp://www.ojcmt.net/ c312415d312415 001040aCLbCLd2017-02-21l0r2017-02-21 00:00:00w2017-02-21yFOJ